Techniky mapovania ako nástroje na rozvíjanie učebnej stratégie štruktúrovania
Možnosti rozvíjania učebnej stratégie štruktúrovania vo výučbe cudzích jazykov na príklade nemeckého ako cudzieho jazyka. Príklady využitia rôznych foriem máp, ktoré môžu slúžiť na rozvíjanie schopnosti štruktúrovať učivo.
Gespeichert in:
| 1. Verfasser: | |
|---|---|
| Format: | Buchkapitel |
| Sprache: | Slowakisch |
| Schlagworte: | |
| Tags: |
Keine Tags, Fügen Sie das erste Tag hinzu!
|
MARC
| LEADER | 00000nla a2200000 4500 | ||
|---|---|---|---|
| 001 | 0194363 | ||
| 005 | 20240502073244.7 | ||
| 041 | 0 | |a slo | |
| 044 | |a SK | ||
| 245 | 1 | 0 | |a Techniky mapovania ako nástroje na rozvíjanie učebnej stratégie štruktúrovania |c Jana Kucharová |
| 520 | |a Možnosti rozvíjania učebnej stratégie štruktúrovania vo výučbe cudzích jazykov na príklade nemeckého ako cudzieho jazyka. Príklady využitia rôznych foriem máp, ktoré môžu slúžiť na rozvíjanie schopnosti štruktúrovať učivo. | ||
| 610 | 2 | 0 | |a vzdelávanie |
| 610 | 2 | 0 | |a vyučovanie |
| 610 | 2 | 0 | |a jazyky cudzie |
| 610 | 2 | 0 | |a nemčina |
| 100 | 1 | |a Kucharová, Jana, 1981- | |